[Event "LAT-ch Women 2017"]
[Site "Riga"]
[Date "2017.10.09"]
[Round "6"]
[White "Golsta, Ramona"]
[Black "Ter-Avetisjana, Agnesa Stepania"]
[Result "0-1"]
[WhiteElo "1719"]
[BlackElo "1319"]
[Annotator "NA RC"]
[PlyCount "76"]
[EventDate "2017.??.??"]
[EventType "swiss"]
[EventCountry "LAT"]
[SourceTitle "playchess.com"]
[Source "ChessBase"]
[SourceQuality "1"]
[TimeControl "5400+30"]

1. d4 {[%emt 0:00:00]} d5 {[%emt 0:00:05]} 2. Nf3 {[%emt 0:00:00]} Nc6 {[%emt 0:00:23]} 3. Bf4 {[%emt 0:00:21]} Nf6 {[%emt 0:00:16]} 4. e3 {[%emt 0:00:25]} a6 {[%emt 0:00:29]} 5. a4 {[%emt 0:01:29]} Bg4 {[%emt 0:01:02]} 6. Nbd2 {[%emt 0:01:49]} e6 {[%emt 0:01:25]} 7. h3 {[%emt 0:01:12]} Bh5 {[%emt 0:00:44]} 8. Be2 {[%emt 0:01:16]} Bd6 {[%emt 0:00:47]} 9. Bxd6 {[%emt 0:03:35]} Qxd6 {[%emt 0:00:21]} 10. O-O {[%emt 0:00:34]} O-O {[%emt 0:00:38]} 11. c4 {[%emt 0:13:53]} Rad8 {[%emt 0:03:38]} 12. Rc1 {[%emt 0:09:28]} Ne4 {[%emt 0:05:43]} 13. Nxe4 {[%emt 0:05:24]} dxe4 {[%emt 0:00:14]} 14. Nd2 {[%emt 0:00:14]} Bxe2 {[%emt 0:01:13]} 15. Qxe2 {[%emt 0:00:07]} f5 {[%emt 0:01:08]} 16. Rfd1 {[%emt 0:02:36]} Ne7 {[%emt 0:04:35]} 17. f3 {[%emt 0:11:31]} exf3 {[%emt 0:02:11]} 18. Nxf3 {[%emt 0:00:13]} Rf6 {[%emt 0:02:42]} 19. Ne5 {[%emt 0:05:05]} f4 {[%emt 0:06:59]} 20. e4 {[%emt 0:02:29]} Qb6 {[%emt 0:09:08]} 21. Qc2 {[%emt 0:06:57]} Rxd4 {[%emt 0:04:26]} 22. c5 {[%emt 0:00:14]} Qb4 {[%emt 0:03:02]} 23. b3 {[%emt 0:06:13]} Rxe4 {[%emt 0:03:33]} 24. Nd3 {[%emt 0:01:10]} Qa5 {[%emt 0:06:39]} 25. b4 {[%emt 0:12:43]} Rxb4 {[%emt 0:00:16]} 26. Nxb4 {[%emt 0:00:09]} Qxb4 {[%emt 0:00:09]} 27. Rd8+ {[%emt 0:00:46]} Kf7 {[%emt 0:00:29]} 28. Rd7 {[%emt 0:00:36]} f3 {[%emt 0:01:31]} 29. g3 {[%emt 0:08:47]} f2+ {[%emt 0:01:41]} 30. Kf1 {[%emt 0:00:29]} Qa3 {[%emt 0:01:04]} 31. Qc3 {[%emt 0:00:56]} Qxa4 {[%emt 0:00:23]} 32. Rxc7 {[%emt 0:00:41]} Qe4 {[%emt 0:01:53]} 33. Qa1 {[%emt 0:00:23]} Qh1+ {[%emt 0:02:18]} 34. Ke2 {[%emt 0:00:07]} Qg2 {[%emt 0:00:38]} 35. Rf1 {[%emt 0:00:43]} Qxg3 {[%emt 0:01:28]} 36. Rd7 {[%emt 0:01:40]} Qf3+ {[%emt 0:02:39]} 37. Kd2 {[%emt 0:00:19]} Qf4+ {[%emt 0:00:15]} 38. Ke2 {[%emt 0:00:27]} Qc4+ {[%emt 0:00:08]} 0-1

[Event "LAT-ch Women 2017"]
[Site "Riga"]
[Date "2017.10.09"]
[Round "6"]
[White "Dombrovska, Stefanija"]
[Black "Osobskaja, Zinaida"]
[Result "0-1"]
[WhiteElo "1673"]
[BlackElo "1646"]
[Annotator "NA RC"]
[PlyCount "156"]
[EventDate "2017.??.??"]
[EventType "swiss"]
[EventCountry "LAT"]
[SourceTitle "playchess.com"]
[Source "ChessBase"]
[SourceQuality "1"]
[TimeControl "5400+30"]

1. d4 {[%emt 0:00:00]} e6 {[%emt 0:00:19]} 2. c4 {[%emt 0:00:00]} d5 {[%emt 0:00:09]} 3. Nf3 {[%emt 0:00:32]} Nf6 {[%emt 0:00:26]} 4. Nc3 {[%emt 0:00:37]} Be7 {[%emt 0:02:24]} 5. Bg5 {[%emt 0:00:13]} b6 {[%emt 0:01:07]} 6. e3 {[%emt 0:00:34]} O-O {[%emt 0:00:13]} 7. Bd3 {[%emt 0:00:23]} Nbd7 {[%emt 0:01:29]} 8. O-O {[%emt 0:00:16]} c5 {[%emt 0:00:16]} 9. cxd5 {[%emt 0:00:29]} Nxd5 {[%emt 0:02:24]} 10. Bxe7 {[%emt 0:00:21]} Nxe7 {[%emt 0:01:34]} 11. Qc2 {[%emt 0:04:05]} g6 {[%emt 0:00:17]} 12. Rad1 {[%emt 0:00:43]} cxd4 {[%emt 0:02:26]} 13. exd4 {[%emt 0:02:03]} Bb7 {[%emt 0:01:21]} 14. Be4 {[%emt 0:00:07]} Qc7 {[%emt 0:01:16]} 15. Bxb7 {[%emt 0:01:22]} Qxb7 {[%emt 0:00:12]} 16. Qd2 {[%emt 0:01:32]} Nf6 {[%emt 0:02:22]} 17. Rfe1 {[%emt 0:00:51]} Kg7 {[%emt 0:00:57]} 18. Ne5 {[%emt 0:01:04]} Ned5 {[%emt 0:02:11]} 19. Nxd5 Nxd5 20. Re4 {[%emt 0:01:29]} Qe7 {[%emt 0:08:04]} 21. Nf3 {[%emt 0:03:13]} h6 {[%emt 0:02:27]} 22. Rde1 {[%emt 0:00:20]} Rac8 {[%emt 0:01:31]} 23. a3 {[%emt 0:01:52]} Qc7 {[%emt 0:03:04]} 24. g3 {[%emt 0:02:52]} Nf6 {[%emt 0:01:03]} 25. Rh4 {[%emt 0:00:45]} Rh8 {[%emt 0:00:54]} 26. Qe3 {[%emt 0:03:50]} Nd5 {[%emt 0:01:55]} 27. Qe5+ {[%emt 0:00:19]} Qxe5 {[%emt 0:00:18]} 28. dxe5 {[%emt 0:01:07]} Rc2 {[%emt 0:00:15]} 29. Rb1 {[%emt 0:02:47]} Rhc8 {[%emt 0:00:35]} 30. Rd4 {[%emt 0:04:13]} a5 {[%emt 0:01:26]} 31. Kf1 {[%emt 0:03:27]} R8c7 {[%emt 0:01:05]} 32. Rd2 {[%emt 0:00:20]} R2c5 {[%emt 0:00:22]} 33. Nd4 {[%emt 0:02:44]} g5 {[%emt 0:01:30]} 34. Ke2 {[%emt 0:01:54]} Kg6 {[%emt 0:02:39]} 35. Kd3 {[%emt 0:00:18]} Ne7 {[%emt 0:02:21]} 36. f4 {[%emt 0:06:38]} Rd7 {[%emt 0:01:11]} 37. Ke3 {[%emt 0:04:26]} Rc4 {[%emt 0:01:46]} 38. Rbd1 {[%emt 0:00:46]} Nd5+ {[%emt 0:03:41]} 39. Ke4 {[%emt 0:00:57]} f5+ {[%emt 0:03:54]} 40. exf6 {[%emt 0:00:20]} Kxf6 {[%emt 0:00:19]} 41. fxg5+ {[%emt 0:00:12]} hxg5 {[%emt 0:00:11]} 42. Rf1+ {[%emt 0:01:11]} Ke7 {[%emt 0:01:08]} 43. Kd3 {[%emt 0:04:26]} Rc5 {[%emt 0:03:04]} 44. Re1 {[%emt 0:00:21]} Nc7 {[%emt 0:01:04]} 45. Ke3 {[%emt 0:01:04]} Kf6 {[%emt 0:00:56]} 46. Rf2+ {[%emt 0:01:36]} Kg6 {[%emt 0:01:01]} 47. Nf3 {[%emt 0:00:54]} e5 {[%emt 0:02:27]} 48. Nd2 {[%emt 0:03:24]} Nd5+ {[%emt 0:01:38]} 49. Ke2 {[%emt 0:03:17]} Rc2 {[%emt 0:02:19]} 50. Kf1 {[%emt 0:02:49]} Rf7 {[%emt 0:01:55]} 51. Rxf7 {[%emt 0:01:28]} Kxf7 {[%emt 0:00:12]} 52. Nf3 {[%emt 0:00:10]} Rxb2 {[%emt 0:01:58]} 53. Rxe5 {[%emt 0:00:12]} Ne7 {[%emt 0:01:54]} 54. Rxg5 {[%emt 0:03:08]} Rb3 {[%emt 0:00:31]} 55. Kg2 {[%emt 0:00:51]} Rxa3 {[%emt 0:00:17]} 56. Rb5 {[%emt 0:00:02]} Ra2+ {[%emt 0:00:41]} 57. Kh3 {[%emt 0:00:04]} Nc8 {[%emt 0:01:43]} 58. Ne5+ {[%emt 0:00:02]} Ke6 {[%emt 0:00:48]} 59. Nc4 {[%emt 0:00:02]} Kd7 {[%emt 0:00:56]} 60. Ne5+ {[%emt 0:02:33]} Kd6 {[%emt 0:00:43]} 61. Nd3 {[%emt 0:01:51]} Rd2 {[%emt 0:02:20]} 62. Ne5 {[%emt 0:02:01]} Re2 {[%emt 0:00:34]} 63. Nc4+ {[%emt 0:00:29]} Kc6 {[%emt 0:00:09]} 64. Rb1 {[%emt 0:00:55]} a4 {[%emt 0:00:15]} 65. g4 {[%emt 0:01:39]} b5 {[%emt 0:00:06]} 66. Nb2 {[%emt 0:02:16]} a3 {[%emt 0:01:44]} 67. Rc1+ {[%emt 0:00:16]} Kb7 {[%emt 0:01:33]} 68. Nd1 {[%emt 0:00:23]} a2 {[%emt 0:02:11]} 69. g5 {[%emt 0:00:53]} Ne7 {[%emt 0:00:41]} 70. Kg3 {[%emt 0:00:17]} b4 {[%emt 0:00:18]} 71. h4 {[%emt 0:00:15]} b3 {[%emt 0:01:32]} 72. h5 {[%emt 0:00:26]} Re1 {[%emt 0:00:56]} 73. Ra1 {[%emt 0:01:43]} Rxd1 {[%emt 0:00:20]} 74. Rxd1 {[%emt 0:00:22]} b2 {[%emt 0:00:08]} 75. Rd7+ {[%emt 0:00:07]} Kc6 {[%emt 0:00:03]} 76. Rxe7 {[%emt 0:00:35]} a1=Q {[%emt 0:00:20]} 77. g6 {[%emt 0:01:02]} b1=Q {[%emt 0:00:44]} 78. Rf7 {[%emt 0:01:39]} Qe5+ {[%emt 0:00:44]} 0-1

[Event "LAT-ch Women 2017"]
[Site "Riga"]
[Date "2017.10.10"]
[Round "7"]
[White "Erneste, Inguna"]
[Black "Krumina, Linda"]
[Result "1-0"]
[WhiteElo "2133"]
[BlackElo "2096"]
[Annotator "ChessBase"]
[PlyCount "56"]
[EventDate "2017.??.??"]
[EventType "swiss"]
[EventCountry "LAT"]
[SourceTitle "playchess.com"]
[Source "ChessBase"]
[SourceQuality "1"]
[TimeControl "5400+30"]

1. e4 {[%emt 0:00:18]} e6 {[%emt 0:04:14]} 2. d4 {[%emt 0:00:06]} d5 {[%emt 0:00:05]} 3. Nd2 {[%emt 0:00:17]} c5 {[%emt 0:00:12]} 4. exd5 {[%emt 0:01:31]} exd5 {[%emt 0:00:19]} 5. dxc5 {[%emt 0:05:58]} Bxc5 {[%emt 0:01:35]} 6. Nb3 {[%emt 0:01:10]} Bb6 {[%emt 0:02:23]} 7. Nf3 {[%emt 0:01:10]} Ne7 {[%emt 0:01:55]} 8. Be2 {[%emt 0:04:14]} Nbc6 {[%emt 0:02:24]} 9. O-O {[%emt 0:03:44]} O-O {[%emt 0:03:18]} 10. c3 {[%emt 0:00:13]} Ng6 {[%emt 0:05:56]} 11. h3 {[%emt 0:12:52]} Bf5 {[%emt 0:09:33]} 12. Nfd4 {[%emt 0:10:25]} Be4 {[%emt 0:03:58]} 13. f3 {[%emt 0:19:05]} Bf5 {[%emt 0:01:39]} 14. Kh2 {[%emt 0:08:08]} Qd6+ {[%emt 0:04:26]} 15. g3 {[%emt 0:01:37]} Nxd4 {[%emt 0:03:27]} 16. Nxd4 {[%emt 0:00:55]} Bd7 {[%emt 0:02:35]} 17. f4 {[%emt 0:07:47]} Rad8 {[%emt 0:02:46]} 18. Bf3 {[%emt 0:00:15]} Rfe8 {[%emt 0:06:40]} 19. Bg2 {[%emt 0:01:37]} Bxd4 {[%emt 0:14:14]} 20. Qxd4 {[%emt 0:01:32]} Re2 {[%emt 0:01:17]} 21. Bd2 {[%emt 0:02:13]} Ne7 {[%emt 0:06:19]} 22. Rae1 {[%emt 0:01:10]} Nf5 {[%emt 0:04:15]} 23. Qd3 {[%emt 0:00:05]} Rxe1 {[%emt 0:00:38]} 24. Rxe1 {[%emt 0:00:18]} Be6 {[%emt 0:00:41]} 25. Be3 {[%emt 0:02:44]} h5 {[%emt 0:01:56]} 26. Bc1 {[%emt 0:01:43]} b6 {[%emt 0:02:29]} 27. Rd1 {[%emt 0:01:04]} Qc5 {[%emt 0:04:59]} 28. Re1 {[%emt 0:01:11]} Qc4 1-0

[Event "LAT-ch Women 2017"]
[Site "Riga"]
[Date "2017.10.10"]
[Round "7"]
[White "Maklakova, Nellija"]
[Black "Berzina, Ilze"]
[Result "0-1"]
[WhiteElo "1800"]
[BlackElo "2245"]
[Annotator "TA"]
[PlyCount "78"]
[EventDate "2017.??.??"]
[EventType "swiss"]
[EventCountry "LAT"]
[SourceTitle "playchess.com"]
[Source "ChessBase"]
[SourceQuality "1"]

{[%evp 14,78,21,29,23,15,25,17,28,24,24,24,14,20,52,0,6,-33,0,-41,22,0,0,-66,-42,-108,-126,-66,-78,-156,-138,-141,-115,-131,-116,-125,-160,-129,-108,-172,-151,-171,-143,-593,-586,-644,-652,-647,-627,-634,-627,-573,-554,-554,-554,-554,-532,-544,-521,-616,-595,-616,-616,-598,-591,-635,-623]} 1. c4 e5 2. g3 Nf6 3. Bg2 d5 4. cxd5 Nxd5 5. Nc3 Nb6 6. e3 Be7 {A22: Englische Eröffnung} (6... Nc6 7. Nge2 h5 8. h3 h4 9. g4 f5 10. d4 exd4 11. exd4 fxg4 12. Qd3 Qf6 13. Ne4 Bb4+ 14. Bd2 {0-1 (46) Caruana,F (2804)-Vachier Lagrave,M (2789) Paris 2016}) 7. Nge2 Nc6 8. O-O {LiveBook: 41 Partien} h5 {Weiß hat minimalen Vorteil.} 9. f4 h4 10. fxe5 hxg3 $146 ({Vorgänger:} 10... Nxe5 11. d4 Ng4 12. h3 Nf6 13. g4 c5 14. Nf4 {½-½ (39) Danin,A (2525)-Sandipan,C (2618) Pardubice 2012}) 11. Bxc6+ bxc6 12. Nxg3 Bh3 13. Rf2 Qd7 14. Qf3 O-O-O 15. a4 ({Auf keinen Fall} 15. Qxf7 $6 Rhf8 $16) 15... a5 {[%mdl 1024] Schwarz hat Kompensation.} (15... f6 $5) 16. d4 (16. Qxf7 Rdf8 $16) 16... Be6 (16... f6 $15) 17. Nce4 Rh4 18. Qe2 (18. Bd2 $11) 18... Bc4 (18... c5 $5) 19. Qe1 (19. Qc2 $15) 19... Rdh8 $17 {zielt auf ...Dh3 ab.} 20. b3 Bd5 21. Nc5 (21. Nc3 $142) 21... Qh3 22. e4 {[#]} Qxg3+ $1 {[%mdl 512]} 23. hxg3 Rh1+ 24. Kg2 Rxe1 25. exd5 Rhh1 ({Minderwertig wäre} 25... cxd5 26. Bb2 $14) 26. Nd3 (26. dxc6 $17 {war einen Versuch wert.} Reg1+ 27. Kf3) 26... Reg1+ $19 27. Kf3 Nxd5 28. Rg2 $2 {[%mdl 8192] [#]} (28. Raa2 $17) 28... Rd1 {Schwarz steht klar auf Gewinn.} 29. Ke4 Nc3+ 30. Ke3 Bg5+ 31. Nf4 Nd5+ 32. Ke4 Rxc1 33. Rxc1 Rxc1 34. Nxd5 cxd5+ 35. Kxd5 {KTL-KT} Kd7 36. Rf2 c6+ 37. Ke4 Ke6 38. Rf3 Bd2 39. Rd3 Bb4 {Precision: Weiß = 33%, Schwarz = 74%.} 0-1

[Event "LAT-ch Women 2017"]
[Site "Riga"]
[Date "2017.10.10"]
[Round "7"]
[White "Sarnovska, Eira"]
[Black "Dombrovska, Stefanija"]
[Result "1/2-1/2"]
[WhiteElo "1727"]
[BlackElo "1673"]
[Annotator "NA"]
[PlyCount "87"]
[EventDate "2017.??.??"]
[EventType "swiss"]
[EventCountry "LAT"]
[SourceTitle "playchess.com"]
[Source "ChessBase"]
[SourceQuality "1"]
[TimeControl "5400+30"]

1. Nf3 {[%emt 0:00:17]} d5 {[%emt 0:00:00]} 2. c4 {[%emt 0:00:23]} d4 {[%emt 0:00:09]} 3. g3 {[%emt 0:00:47]} c5 {[%emt 0:00:16]} 4. d3 {[%emt 0:00:57]} Nc6 {[%emt 0:00:11]} 5. Bg2 {[%emt 0:00:23]} e5 {[%emt 0:00:32]} 6. O-O {[%emt 0:00:43]} Nf6 {[%emt 0:00:02]} 7. Bg5 {[%emt 0:02:07]} Be7 {[%emt 0:00:03]} 8. Nbd2 {[%emt 0:00:48]} h6 {[%emt 0:00:17]} 9. Bxf6 {[%emt 0:00:19]} Bxf6 {[%emt 0:00:11]} 10. a3 {[%emt 0:06:58]} O-O {[%emt 0:00:22]} 11. Rb1 {[%emt 0:01:36]} a5 {[%emt 0:00:42]} 12. Qc2 {[%emt 0:07:21]} Qc7 {[%emt 0:02:20]} 13. e3 {[%emt 0:03:08]} Bf5 {[%emt 0:02:25]} 14. exd4 {[%emt 0:01:40]} exd4 {[%emt 0:04:03]} 15. Rfe1 {[%emt 0:02:44]} Rfe8 {[%emt 0:01:13]} 16. Ne4 {[%emt 0:03:55]} Bxe4 {[%emt 0:00:34]} 17. dxe4 {[%emt 0:00:10]} Rad8 {[%emt 0:00:42]} 18. Qd3 {[%emt 0:04:01]} a4 {[%emt 0:02:56]} 19. b3 {[%emt 0:02:04]} axb3 {[%emt 0:04:46]} 20. Rxb3 {[%emt 0:00:42]} Na5 {[%emt 0:01:06]} 21. Rb5 {[%emt 0:00:44]} b6 {[%emt 0:02:27]} 22. Reb1 {[%emt 0:02:27]} Rb8 {[%emt 0:02:37]} 23. Nd2 {[%emt 0:05:00]} g5 {[%emt 0:02:05]} 24. Qf3 {[%emt 0:08:03]} Kg7 {[%emt 0:01:44]} 25. Qg4 {[%emt 0:01:58]} Qd6 {[%emt 0:04:17]} 26. f4 {[%emt 0:05:01]} Qe6 {[%emt 0:00:13]} 27. Qxe6 {[%emt 0:01:34]} fxe6 {[%emt 0:01:07]} 28. e5 {[%emt 0:01:49]} Be7 {[%emt 0:00:09]} 29. Rxb6 {[%emt 0:00:13]} Rxb6 {[%emt 0:02:29]} 30. Rxb6 {[%emt 0:00:09]} Bd8 {[%emt 0:03:15]} 31. Rb5 {[%emt 0:00:58]} gxf4 {[%emt 0:00:19]} 32. gxf4 {[%emt 0:00:24]} Rf8 {[%emt 0:01:20]} 33. Rxc5 {[%emt 0:01:33]} Rxf4 {[%emt 0:01:48]} 34. Rc8 {[%emt 0:00:48]} Bh4 {[%emt 0:02:47]} 35. Nf3 {[%emt 0:03:50]} d3 {[%emt 0:02:21]} 36. Rc7+ {[%emt 0:05:08]} Kg6 {[%emt 0:00:40]} 37. Rd7 {[%emt 0:02:09]} Nxc4 {[%emt 0:01:14]} 38. Rxd3 {[%emt 0:00:13]} Be7 {[%emt 0:01:35]} 39. Kh1 {[%emt 0:12:36]} Bxa3 {[%emt 0:01:24]} 40. Bh3 {[%emt 0:01:17]} Bb2 {[%emt 0:00:47]} 41. Bxe6 {[%emt 0:01:30]} Nxe5 {[%emt 0:00:17]} 42. Nxe5+ {[%emt 0:01:05]} Bxe5 {[%emt 0:00:21]} 43. Rd2 {[%emt 0:01:59]} Kf6 {[%emt 0:02:30]} 44. Bc8 {[%emt 0:00:49]} 1/2-1/2

[Event "LAT-ch Women 2017"]
[Site "Riga"]
[Date "2017.10.10"]
[Round "7"]
[White "Golsta, Madara"]
[Black "Parhomenko, Margarita"]
[Result "1-0"]
[WhiteElo "1716"]
[BlackElo "1919"]
[Annotator "NA"]
[PlyCount "65"]
[EventDate "2017.??.??"]
[EventType "swiss"]
[EventCountry "LAT"]
[SourceTitle "playchess.com"]
[Source "ChessBase"]
[SourceQuality "1"]
[TimeControl "5400+30"]

1. e4 {[%emt 0:00:00]} c6 {[%emt 0:01:18]} 2. d4 {[%emt 0:00:21]} d5 {[%emt 0:00:07]} 3. Nd2 {[%emt 0:00:59]} dxe4 {[%emt 0:00:24]} 4. Nxe4 {[%emt 0:00:26]} Nf6 {[%emt 0:00:50]} 5. Nxf6+ {[%emt 0:00:46]} gxf6 {[%emt 0:00:18]} 6. c3 {[%emt 0:01:29]} Bf5 {[%emt 0:00:48]} 7. Nf3 {[%emt 0:01:38]} Nd7 {[%emt 0:05:33]} 8. g3 {[%emt 0:02:32]} Nb6 {[%emt 0:01:35]} 9. Bg2 {[%emt 0:02:09] B16: Caro-Kann: Bronstein-Larsen Variation} Qd7 {[%emt 0:02:21]} 10. O-O {[%emt 0:03:41]} Bh3 {[%emt 0:02:18]} (10... O-O-O 11. a4 Nd5 12. Bd2 e6 13. Re1 Kb8 14. b4 Bg4 15. Qb3 Nc7 16. Bf4 Bd6 17. Bxd6 Qxd6 {1-0 (31) Fernandez Romero,E (2449)-Campora,D (2545) Dos Hermanas 2005}) 11. Qe2 {[%emt 0:03:26]} Bxg2 {[%emt 0:00:49]} 12. Kxg2 {[%emt 0:00:08]} O-O-O $146 {[%emt 0:03:38]} ({Predecessor:} 12... h5 13. Rd1 O-O-O 14. c4 h4 15. Bf4 hxg3 16. Bxg3 Qh3+ {1-0 (38) Abdulyazanov,M (2332)-Gusakov,V (2276) Uljanovsk 2007}) 13. Bf4 {[%emt 0:02:06]} Rg8 {[%emt 0:16:33]} 14. a4 {[%emt 0:05:58]} Qg4 {[%emt 0:07:47]} 15. Bd2 {[%emt 0:05:03]} e5 {[%emt 0:12:22]} (15... Nd5 $142) 16. h3 {[%emt 0:02:53]} ({Much worse is} 16. dxe5 $6 Nc4 $11) (16. a5 $16 Nd7 17. Rfe1) 16... Qe6 $1 {[%emt 0:03:47]} 17. Rfe1 {[%emt 0:09:07]} Bd6 {[%emt 0:06:01]} 18. a5 {[%emt 0:07:39]} Nd7 {[%emt 0:01:03]} 19. a6 {[%emt 0:00:34]} b6 {[%emt 0:00:26]} 20. b4 {[%emt 0:03:36]} Rge8 {[%emt 0:07:47]} 21. b5 {[%emt 0:04:53]} e4 {[%emt 0:02:10]} 22. Nh4 {[%emt 0:03:35]} Qd5 {[%emt 0:01:15]} (22... Bc7 $142 23. bxc6 Qxc6) 23. c4 {[%emt 0:02:58]} Qxd4 {[%emt 0:00:43] [#]} 24. Nf5 $1 {[%emt 0:03:51]} ({Inferior is} 24. bxc6 Ne5 $11) 24... Qc5 {[%emt 0:01:15] [#]} 25. Ng7 $1 {[%emt 0:00:35]} Rg8 {[%emt 0:04:19]} 26. Be3 {[%emt 0:00:37]} Qe5 {[%emt 0:02:08]} 27. Bf4 {[%emt 0:00:34]} Qc5 {[%emt 0:02:12]} 28. Bxd6 {[%emt 0:00:34]} Qxd6 {[%emt 0:00:13]} 29. Nf5 {[%emt 0:00:12]} Qc5 {[%emt 0:00:53]} 30. Qxe4 {[%emt 0:01:19]} Ne5 {[%emt 0:01:47]} 31. bxc6 {[%emt 0:05:26]} Rd2 {[%emt 0:01:34]} 32. Rf1 {[%emt 0:04:15]} Qxc6 $2 {[%emt 0:03:24]} (32... Kc7 $16) 33. Ne7+ $18 {[%emt 0:00:08]} 1-0

[Event "LAT-ch Women 2017"]
[Site "Riga"]
[Date "2017.10.10"]
[Round "7"]
[White "Vainovska, Valentina"]
[Black "Zalcmane, Vija"]
[Result "1/2-1/2"]
[WhiteElo "1676"]
[BlackElo "1533"]
[Annotator "NA"]
[PlyCount "49"]
[EventDate "2017.??.??"]
[EventType "swiss"]
[EventCountry "LAT"]
[SourceTitle "playchess.com"]
[Source "ChessBase"]
[SourceQuality "1"]
[TimeControl "5400+30"]

1. d4 {[%emt 0:01:13]} Nf6 {[%emt 0:00:39]} 2. Nf3 {[%emt 0:00:08]} e6 {[%emt 0:00:26]} 3. c4 {[%emt 0:00:38]} b6 {[%emt 0:00:59]} 4. Nc3 {[%emt 0:00:42]} Bb7 {[%emt 0:00:19]} 5. e3 {[%emt 0:01:02]} Bb4 {[%emt 0:00:41]} 6. Bd2 {[%emt 0:00:35]} O-O {[%emt 0:00:24]} 7. Bd3 {[%emt 0:00:41]} d5 {[%emt 0:00:08]} 8. O-O {[%emt 0:02:44]} Nbd7 {[%emt 0:00:25]} 9. Nxd5 {[%emt 0:07:09]} Nxd5 {[%emt 0:02:57]} 10. cxd5 {[%emt 0:00:09]} Bxd2 {[%emt 0:01:01]} 11. Qxd2 {[%emt 0:02:52]} exd5 {[%emt 0:00:56]} 12. Rac1 {[%emt 0:00:49]} c5 {[%emt 0:05:04]} 13. b3 {[%emt 0:01:40]} Rc8 {[%emt 0:00:16]} 14. Qe2 {[%emt 0:01:28]} Rc7 {[%emt 0:02:57]} 15. Rfd1 {[%emt 0:02:21]} Qe7 {[%emt 0:02:46]} 16. g3 {[%emt 0:12:45]} g6 {[%emt 0:02:13]} 17. h4 {[%emt 0:00:34]} h5 {[%emt 0:00:22]} 18. Ng5 {[%emt 0:09:06]} Nf6 {[%emt 0:02:10]} 19. Nf3 {[%emt 0:19:15]} Ng4 {[%emt 0:03:58]} 20. Rc2 {[%emt 0:04:36]} Rfc8 {[%emt 0:02:15]} 21. Rdc1 {[%emt 0:00:48]} Kg7 {[%emt 0:03:45]} 22. Kg2 {[%emt 0:02:27]} Re8 {[%emt 0:02:31]} 23. Bb5 {[%emt 0:04:12]} Rec8 {[%emt 0:01:41]} 24. Bd3 {[%emt 0:00:34]} Re8 {[%emt 0:01:20]} 25. Bb5 {[%emt 0:00:06]} 1/2-1/2

[Event "LAT-ch Women 2017"]
[Site "Riga"]
[Date "2017.10.10"]
[Round "7"]
[White "Osobskaja, Zinaida"]
[Black "Ungure, Liga"]
[Result "1/2-1/2"]
[WhiteElo "1646"]
[BlackElo "1923"]
[Annotator "NA"]
[PlyCount "88"]
[EventDate "2017.??.??"]
[EventType "swiss"]
[EventCountry "LAT"]
[SourceTitle "playchess.com"]
[Source "ChessBase"]
[SourceQuality "1"]
[TimeControl "5400+30"]

1. Nf3 {[%emt 0:00:00]} Nf6 {[%emt 0:00:22]} 2. c4 {[%emt 0:00:00]} g6 {[%emt 0:00:04]} 3. d4 {[%emt 0:00:20]} Bg7 {[%emt 0:00:15]} 4. Nc3 {[%emt 0:00:11]} O-O {[%emt 0:00:08]} 5. e4 {[%emt 0:00:10]} d6 {[%emt 0:00:03]} 6. Be2 {[%emt 0:00:26]} e5 {[%emt 0:00:26]} 7. O-O {[%emt 0:00:13]} exd4 {[%emt 0:00:48]} 8. Nxd4 {[%emt 0:00:12]} Re8 {[%emt 0:00:07]} 9. f3 {[%emt 0:00:13]} Nc6 {[%emt 0:00:21]} 10. Be3 {[%emt 0:00:50]} Nh5 {[%emt 0:00:31]} 11. Nxc6 {[%emt 0:00:18]} bxc6 {[%emt 0:00:01]} 12. Qd2 {[%emt 0:00:20]} c5 {[%emt 0:01:06]} 13. Rad1 {[%emt 0:00:41] E94: Königsindisch (Klassisches System)} Bb7 {[%emt 0:00:39]} 14. Bd3 $146 {[%emt 0:06:18]} ({Vorgänger:} 14. Nd5 Qb8 15. Rb1 a5 16. Kh1 Nf6 17. Rfe1 Bc6 18. Bd3 Nd7 19. Bg5 Bxd5 20. exd5 Qb4 21. Rxe8+ Rxe8 {½-½ (41) Aranha Filho,A (2289)-Matsuura,E (2486) Blumenau 2015}) 14... Qb8 {[%emt 0:07:20]} 15. Ne2 {[%emt 0:01:21]} Bc6 {[%emt 0:02:12]} 16. b3 {[%emt 0:01:08]} a5 {[%emt 0:00:31]} 17. Rb1 {[%emt 0:00:26]} Qb4 {[%emt 0:03:48]} 18. a4 {[%emt 0:01:09]} Reb8 {[%emt 0:14:23]} 19. Bc2 {[%emt 0:03:38]} Qxd2 {[%emt 0:11:50]} 20. Bxd2 {[%emt 0:01:58]} Nf6 {[%emt 0:00:14]} 21. Bc3 {[%emt 0:03:56]} Nd7 {[%emt 0:02:09]} 22. Bxg7 {[%emt 0:01:17]} Kxg7 {[%emt 0:00:02]} 23. Rbd1 {[%emt 0:00:43]} Re8 {[%emt 0:03:53]} 24. Nc3 {[%emt 0:00:26]} Nf8 {[%emt 0:02:59]} 25. Rfe1 {[%emt 0:01:21]} Ne6 {[%emt 0:03:15]} 26. Ne2 {[%emt 0:00:03]} Re7 {[%emt 0:02:43]} 27. Kf2 {[%emt 0:00:28]} h5 {[%emt 0:02:20]} 28. h4 {[%emt 0:00:49]} f6 {[%emt 0:03:58]} 29. g3 {[%emt 0:00:36]} Rae8 {[%emt 0:01:11]} 30. Rh1 {[%emt 0:06:49]} Nd8 {[%emt 0:04:08]} 31. Nf4 {[%emt 0:02:25]} Ne6 {[%emt 0:04:07]} 32. Nxe6+ {[%emt 0:00:17]} Rxe6 {[%emt 0:00:02]} 33. Rde1 {[%emt 0:01:01]} R6e7 {[%emt 0:02:42]} 34. Bd1 {[%emt 0:00:17]} Bb7 $15 {[%emt 0:02:53]} 35. Reg1 {[%emt 0:05:57]} Bc8 {[%emt 0:03:30]} 36. Bc2 {[%emt 0:01:16]} Bd7 {[%emt 0:03:20]} 37. Rd1 {[%emt 0:00:33]} Bc8 {[%emt 0:00:32]} 38. Rhe1 {[%emt 0:00:37]} Bb7 {[%emt 0:00:24]} 39. Re3 {[%emt 0:00:19]} Bc8 {[%emt 0:00:22]} 40. Rde1 {[%emt 0:00:26]} Bd7 {[%emt 0:00:23]} 41. Bd1 {[%emt 0:00:34]} Bc6 {[%emt 0:00:15]} 42. Bc2 {[%emt 0:00:38]} Bd7 {[%emt 0:00:11]} 43. Rg1 Bc6 44. Rge1 f5 1/2-1/2